| 000 | 00463nam a2200169Ia 4500 | ||
|---|---|---|---|
| 005 | 20250424120247.0 | ||
| 008 | 250424s9999 xx 000 0 und d | ||
| 022 | _a15965716 | ||
| 050 | _aHC 1055 .A1 I56/ | ||
| 245 | 0 | _aInternational journal of business and common market studies | |
| 260 | _aIkot Ekpene | ||
| 260 | _bDevelopment Universal Consortia | ||
| 260 | _c2011 | ||
| 300 | _av. , 145 p. ; 25 cm. | ||
| 650 | _aBusiness--Periodicals | ||
| 942 | _cSR | ||
| 999 |
_c38298 _d38298 |
||